<?xml version="1.0" encoding="UTF-8"?>
<record
    xmlns:xsi="http://www.w3.org/2001/XMLSchema-instance"
    xsi:schemaLocation="http://www.loc.gov/MARC21/slim http://www.loc.gov/standards/marcxml/schema/MARC21slim.xsd"
    xmlns="http://www.loc.gov/MARC21/slim">

  <leader>00352nam a2200145Ia 4500</leader>
  <controlfield tag="008">230917s9999||||xx |||||||||||||| ||und||</controlfield>
  <datafield tag="040" ind1=" " ind2=" ">
    <subfield code="e">110916</subfield>
    <subfield code="a">MAIN</subfield>
  </datafield>
  <datafield tag="041" ind1=" " ind2=" ">
    <subfield code="a">English</subfield>
  </datafield>
  <datafield tag="082" ind1=" " ind2=" ">
    <subfield code="a">005.43 G41E</subfield>
  </datafield>
  <datafield tag="100" ind1=" " ind2=" ">
    <subfield code="a">Gill,P.S</subfield>
  </datafield>
  <datafield tag="245" ind1=" " ind2="0">
    <subfield code="a">Operating system concepts</subfield>
  </datafield>
  <datafield tag="260" ind1=" " ind2=" ">
    <subfield code="a">New Delhi</subfield>
    <subfield code="b">Firewall media</subfield>
    <subfield code="c">2006</subfield>
  </datafield>
  <datafield tag="300" ind1=" " ind2=" ">
    <subfield code="a">181 p. ; 9</subfield>
  </datafield>
  <datafield tag="942" ind1=" " ind2=" ">
    <subfield code="c">BK</subfield>
  </datafield>
  <datafield tag="952" ind1=" " ind2=" ">
    <subfield code="0">0</subfield>
    <subfield code="1">0</subfield>
    <subfield code="4">0</subfield>
    <subfield code="6">005_430000000000000_G41E</subfield>
    <subfield code="7">0</subfield>
    <subfield code="9">210040</subfield>
    <subfield code="a">MAIN</subfield>
    <subfield code="b">MAIN</subfield>
    <subfield code="c">UIET</subfield>
    <subfield code="d">2006-07-27</subfield>
    <subfield code="l">0</subfield>
    <subfield code="o">005.43 G41E</subfield>
    <subfield code="p">236237</subfield>
    <subfield code="r">2023-09-17 21:26:05</subfield>
    <subfield code="w">2023-09-17</subfield>
    <subfield code="y">BK</subfield>
  </datafield>
  <datafield tag="952" ind1=" " ind2=" ">
    <subfield code="0">0</subfield>
    <subfield code="1">0</subfield>
    <subfield code="4">0</subfield>
    <subfield code="6">005_430000000000000_G41E</subfield>
    <subfield code="7">0</subfield>
    <subfield code="9">210041</subfield>
    <subfield code="a">MAIN</subfield>
    <subfield code="b">MAIN</subfield>
    <subfield code="d">2006-07-27</subfield>
    <subfield code="l">0</subfield>
    <subfield code="o">005.43 G41E</subfield>
    <subfield code="p">256628</subfield>
    <subfield code="r">2023-09-17 21:26:05</subfield>
    <subfield code="w">2023-09-17</subfield>
    <subfield code="y">BK</subfield>
  </datafield>
  <datafield tag="952" ind1=" " ind2=" ">
    <subfield code="0">0</subfield>
    <subfield code="1">0</subfield>
    <subfield code="4">0</subfield>
    <subfield code="6">005_430000000000000_G41E</subfield>
    <subfield code="7">0</subfield>
    <subfield code="9">210042</subfield>
    <subfield code="a">MAIN</subfield>
    <subfield code="b">MAIN</subfield>
    <subfield code="d">2006-07-27</subfield>
    <subfield code="l">4</subfield>
    <subfield code="o">005.43 G41E</subfield>
    <subfield code="p">256724</subfield>
    <subfield code="r">2026-02-11 12:16:14</subfield>
    <subfield code="s">2026-02-05</subfield>
    <subfield code="w">2023-09-17</subfield>
    <subfield code="y">BK</subfield>
  </datafield>
  <datafield tag="952" ind1=" " ind2=" ">
    <subfield code="0">0</subfield>
    <subfield code="1">0</subfield>
    <subfield code="4">0</subfield>
    <subfield code="6">005_430000000000000_G41E</subfield>
    <subfield code="7">0</subfield>
    <subfield code="9">210043</subfield>
    <subfield code="a">MAIN</subfield>
    <subfield code="b">MAIN</subfield>
    <subfield code="d">2006-07-27</subfield>
    <subfield code="l">3</subfield>
    <subfield code="o">005.43 G41E</subfield>
    <subfield code="p">256725</subfield>
    <subfield code="r">2026-02-10 09:14:25</subfield>
    <subfield code="s">2026-01-27</subfield>
    <subfield code="w">2023-09-17</subfield>
    <subfield code="y">BK</subfield>
  </datafield>
  <datafield tag="952" ind1=" " ind2=" ">
    <subfield code="0">0</subfield>
    <subfield code="1">0</subfield>
    <subfield code="4">0</subfield>
    <subfield code="6">005_430000000000000_G41E</subfield>
    <subfield code="7">0</subfield>
    <subfield code="9">210044</subfield>
    <subfield code="a">MAIN</subfield>
    <subfield code="b">MAIN</subfield>
    <subfield code="d">2006-07-27</subfield>
    <subfield code="l">3</subfield>
    <subfield code="o">005.43 G41E</subfield>
    <subfield code="p">256726</subfield>
    <subfield code="r">2024-01-04 10:20:41</subfield>
    <subfield code="s">2023-12-05</subfield>
    <subfield code="w">2023-09-17</subfield>
    <subfield code="y">BK</subfield>
  </datafield>
  <datafield tag="952" ind1=" " ind2=" ">
    <subfield code="0">0</subfield>
    <subfield code="1">0</subfield>
    <subfield code="4">0</subfield>
    <subfield code="6">005_430000000000000_G41E</subfield>
    <subfield code="7">0</subfield>
    <subfield code="9">210045</subfield>
    <subfield code="a">MAIN</subfield>
    <subfield code="b">MAIN</subfield>
    <subfield code="d">2006-07-27</subfield>
    <subfield code="l">2</subfield>
    <subfield code="o">005.43 G41E</subfield>
    <subfield code="p">256727</subfield>
    <subfield code="r">2023-12-19 12:03:16</subfield>
    <subfield code="s">2023-11-23</subfield>
    <subfield code="w">2023-09-17</subfield>
    <subfield code="y">BK</subfield>
  </datafield>
  <datafield tag="952" ind1=" " ind2=" ">
    <subfield code="0">0</subfield>
    <subfield code="1">0</subfield>
    <subfield code="4">0</subfield>
    <subfield code="6">005_430000000000000_G41E</subfield>
    <subfield code="7">0</subfield>
    <subfield code="9">210046</subfield>
    <subfield code="a">MAIN</subfield>
    <subfield code="b">MAIN</subfield>
    <subfield code="d">2006-07-27</subfield>
    <subfield code="l">0</subfield>
    <subfield code="o">005.43 G41E</subfield>
    <subfield code="p">256728</subfield>
    <subfield code="r">2023-09-17 21:26:06</subfield>
    <subfield code="w">2023-09-17</subfield>
    <subfield code="y">BK</subfield>
  </datafield>
  <datafield tag="999" ind1=" " ind2=" ">
    <subfield code="c">135802</subfield>
    <subfield code="d">135802</subfield>
  </datafield>
</record>
